000 00560nam a2200193Ia 4500
005 20250923145840.0
008 008 250917s9999 xx 000 0 eng d
037 _aReference
040 _aDSWL
_beng
_cDSWL
041 _aeng
_2eng
084 _aZ2,111'N60, N60;2
_qDSWL
245 4 _aThe children Act, 1960
_c by Law, Justice & Co. Govt. of India
260 _aDelhi
_bController of Publication
_c1980
300 _aiii,21p.
365 _aINR
_b6.40
925 _g6.40
942 _cREF
_hZ2,111'N60, N60;2
999 _c1456453
_d1456453